[Event "Mollet del Valles MC 4th"]
[Site "Mollet del Valles"]
[Date "2016.11.11"]
[Round "7"]
[White "Fernandez Aguilar, Francisco"]
[Black "Cortiles Gutierrez, Ramon"]
[Result "1-0"]
[WhiteElo "2051"]
[BlackElo "2073"]
[PlyCount "97"]
[EventDate "2016.09.30"]
[EventType "tourn"]
[EventRounds "9"]
[EventCountry "ESP"]
[SourceTitle "EXT 2018"]
[Source "ChessBase"]
[SourceDate "2017.10.13"]
[SourceVersion "1"]
[SourceVersionDate "2017.10.13"]
[SourceQuality "1"]

1. d4 Nf6 2. Nf3 e6 3. Bg5 d5 4. Nbd2 Be7 5. e3 0-0 6. Bd3 b6 7. Ne5 Bb7 8. Qf3 h6 9. h4 c5 10. c3 Nc6 11. Nxc6 Bxc6 12. g4 Re8 13. Bxh6 gxh6 14. g5 hxg5 15. hxg5 Ne4 16. Qh5 Bf6 17. gxf6 Qxf6 18. Bxe4 dxe4 19. dxc5 Kf8 20. Qh8+ Qxh8 21. Rxh8+ Ke7 22. Rxe8+ Rxe8 23. cxb6 axb6 24. Ke2 Rh8 25. a4 Kd6 26. b4 Ra8 27. a5 bxa5 28. Rxa5 Rxa5 29. Nc4+ Kd5 30. Nxa5 Bb5+ 31. Kd2 f5 32. Kc2 Be2 33. Kb3 Bd1+ 34. Kb2 Be2 35. Kc2 e5 36. Kc1 f4 37. Kc2 Bd3+ 38. Kb3 Ke6 39. c4 Kf5 40. b5 Kg4 41. b6 Kf3 42. b7 Kxf2 43. b8Q Kxe3 44. Nc6 f3 45. Nxe5 f2 46. Ng4+ Ke2 47. Qf4 Bxc4+ 48. Kc3 f1Q 49. Qe3+ 1-0